Un estudi de toponomástica catalana / (Record no. 164718)
[ view plain ]
| 000 -LEADER | |
|---|---|
| campo de control de longitud fija | 01031nam a22002415i 4500 |
| 001 - NÚMERO DE CONTROL | |
| campo de control | 164718 |
| 003 - IDENTIFICADOR DE NÚMERO DE CONTROL | |
| campo de control | ES-MaACL |
| 005 - FECHA Y HORA DE LA ÚLTIMA TRANSACCIÓN | |
| campo de control | 20250820063052.0 |
| 008 - DATOS DE LONGITUD FIJA--INFORMACIÓN GENERAL | |
| campo de control de longitud fija | 980817s1880 sp |||| | cat d |
| 040 ## - FUENTE DE CATALOGACIÓN | |
| Centro catalogador/agencia de origen | CCPB | B |
| Lengua de catalogación | spa |
| Centro/agencia transcriptor | CCPB | B |
| 100 1# - ENTRADA PRINCIPAL--NOMBRE DE PERSONA | |
| Nombre de persona | Sanpere i Miquel, Salvador, |
| Fechas asociadas al nombre | 1840-1915 |
| 9 (RLIN) | 103195 |
| 245 13 - MENCIÓN DEL TÍTULO | |
| Título | Un estudi de toponomástica catalana / |
| Mención de responsabilidad, etc. | per Salvador Sanpere y Miquel. |
| 260 ## - PUBLICACIÓN, DISTRIBUCIÓN, ETC. | |
| Lugar de publicación, distribución, etc. | Barcelona : |
| Nombre del editor, distribuidor, etc. | Llibrería de Alvar Verdaguer, |
| Fecha de publicación, distribución, etc. | 1880. |
| 300 ## - DESCRIPCIÓN FÍSICA | |
| Extensión | [4], XVI, 172, [2] p. ; |
| Dimensiones | 22 cm. |
| 500 ## - NOTA GENERAL | |
| Nota general | "Obra llorejada en lo certámen de 1879" |
| 530 ## - NOTA DISPONIBLE DE FORMULARIO FÍSICO ADICIONAL | |
| Nota de formato físico adicional disponible | Disponible en formato digital. |
| 594 ## - Nota al título y mención de responsabilidad | |
| Nota al título y mención de responsabilidad | Precede al tít.: "Associació d'excursions Catalana" |
| 650 #4 - PUNTO DE ACCESO ADICIONAL DE MATERIA--TÉRMINO DE MATERIA | |
| Término de materia o nombre geográfico como elemento de entrada | Nombres geográficos- |
| Subdivisión geográfica | Cataluña. |
| 9 (RLIN) | 157056 |
| 710 2# - ENTRADA AGREGADA--NOMBRE DE ENTIDAD CORPORATIVA | |
| Nombre de entidad corporativa o nombre de jurisdicción como elemento de entrada | Associació d'Excursions Catalana. |
| 9 (RLIN) | 134144 |
| 852 ## - LOCALIZACIÓN | |
| Ubicación | ES-MaACL |
| Número de control de estantería | T-846-F-6 |
| Nota libre | -- Enc. hol. conservando la cub. original |
| condición física | -- Enc. en un vol. facticio |
| 856 ## - LOCALIZACIÓN Y ACCESO ELECTRÓNICOS | |
| Identificador Uniforme de Recursos | <a href="http://bdh-rd.bne.es/viewer.vm?id=0000086202&page=1 ">http://bdh-rd.bne.es/viewer.vm?id=0000086202&page=1 </a> |
| Nota pública | Biblioteca Digital Hispánica |
| Estatus retirado | Estado de pérdida | Estado de daño | No para préstamo | Colección | Biblioteca de origen | Biblioteca actual | Ubicación en estantería | Fecha de adquisición | Total de préstamos | Signatura topográfica completa | Código de barras | Visto por última vez | Precio de reemplazo | Tipo de ítem Koha |
|---|---|---|---|---|---|---|---|---|---|---|---|---|---|---|
| Colección de folletos | Biblioteca del Ateneo de Madrid | Biblioteca del Ateneo de Madrid | Depósito folletos | 17/01/2008 | T-846-F-6 | 1172666 | 23/02/2023 | 23/02/2023 | Folleto |
